Badee deedi (Hindi) (Record no. 74976)

MARC details
000 -LEADER
fixed length control field 00275nam a22001217a 4500
020 ## - INTERNATIONAL STANDARD BOOK NUMBER
ISBN 978 81 908921 7 0
082 ## - DEWEY DECIMAL CLASSIFICATION NUMBER
Classification number 82-32=214.21
Item number CHA
100 ## - MAIN ENTRY--AUTHOR NAME
Personal name SARATHCHANDRA
245 ## - TITLE STATEMENT
Title Badee deedi (Hindi)
260 ## - PUBLICATION, DISTRIBUTION, ETC. (IMPRINT)
Place of publication Delhi
Name of publisher Sahithya Samnjan
Year of publication 2009
300 ## - PHYSICAL DESCRIPTION
Number of Pages 63p.
942 ## - ADDED ENTRY ELEMENTS (KOHA)
Koha item type Books
Holdings
Withdrawn status Lost status Damaged status Not for loan Home library Current library Date acquired Source of acquisition Full call number Accession Number Koha item type
        RRII Library RRII Library 21/03/2023 Complementary copy from Hindi section, HO, Kottayam 82-32=214.21 CHA G01692 Books